Na krídlach duše (Record no. 22033)
[ view plain ]
| 000 -LEADER | |
|---|---|
| fixed length control field | 01335cam a2200385 a 4500 |
| 001 - CONTROL NUMBER | |
| control field | 22033 |
| 003 - CONTROL NUMBER IDENTIFIER | |
| control field | VRT |
| 005 - DATE AND TIME OF LATEST TRANSACTION | |
| control field | 20260318084538.0 |
| 008 - FIXED-LENGTH DATA ELEMENTS--GENERAL INFORMATION | |
| fixed length control field | 240318s2014 xo g 000 f slo |
| 015 ## - NATIONAL BIBLIOGRAPHY NUMBER | |
| National bibliography number | SNBA2014/11 |
| 020 ## - INTERNATIONAL STANDARD BOOK NUMBER | |
| International Standard Book Number | 9788081640131 |
| 035 ## - SYSTEM CONTROL NUMBER | |
| System control number | 91BBB91C-0A12-4199-9C21-BF4E348D833E |
| 035 ## - SYSTEM CONTROL NUMBER | |
| System control number | urn:nbn:sk:snk-amjoj4 |
| 035 ## - SYSTEM CONTROL NUMBER | |
| System control number | urn:nbn:sk:snk-am001ml4 |
| 039 #9 - LEVEL OF BIBLIOGRAPHIC CONTROL AND CODING DETAIL [OBSOLETE] | |
| Level of rules in bibliographic description | 202403181627 |
| Level of effort used to assign nonsubject heading access points | VLOAD |
| Level of effort used to assign subject headings | 202009080828 |
| Level of effort used to assign classification | AUTHORITY |
| Level of effort used to assign subject headings | 201612221442 |
| Level of effort used to assign classification | mbpksh04 |
| Level of effort used to assign subject headings | 201604291210 |
| Level of effort used to assign classification | VLOAD |
| 040 ## - CATALOGING SOURCE | |
| Original cataloging agency | POKPOH |
| Language of cataloging | slo |
| Transcribing agency | POKPOH |
| Modifying agency | SNK |
| Description conventions | AACR2 |
| 041 0# - LANGUAGE CODE | |
| Language code of text/sound track or separate title | slo |
| 044 ## - COUNTRY OF PUBLISHING/PRODUCING ENTITY CODE | |
| MARC country code | xo |
| ISO country code | SK |
| 072 #7 - SUBJECT CATEGORY CODE | |
| Subject category code | 821.162.4-3 |
| Subject category code subdivision | Slovenská próza |
| Source | konspekt |
| 080 ## - UNIVERSAL DECIMAL CLASSIFICATION NUMBER | |
| Universal Decimal Classification number | 821.162.4-31 |
| Edition identifier | 2001 |
| 100 1# - MAIN ENTRY--PERSONAL NAME | |
| Personal name | Ölvecký, Noro, |
| Dates associated with a name | 1969- |
| Relationship | aut |
| 245 10 - TITLE STATEMENT | |
| Title | Na krídlach duše |
| Remainder of title | skutočný príbeh |
| Statement of responsibility, etc. | Noro Ölvecký |
| 250 ## - EDITION STATEMENT | |
| Edition statement | 1. vyd. |
| 260 ## - PUBLICATION, DISTRIBUTION, ETC. | |
| Place of publication, distribution, etc. | [Bratislava] |
| Name of publisher, distributor, etc. | Motýľ |
| Date of publication, distribution, etc. | 2014 |
| 300 ## - PHYSICAL DESCRIPTION | |
| Extent | 238 s. |
| Dimensions | 21 cm |
| 500 ## - GENERAL NOTE | |
| General note | Miesto vydania podľa ISBN |
| 655 #7 - INDEX TERM--GENRE/FORM | |
| Genre/form data or focus term | slovenské romány |
| Source of term | SNKPH |
| 655 #7 - INDEX TERM--GENRE/FORM | |
| Genre/form data or focus term | Slovak fiction |
| Source of term | SNKPHeng |
| 910 ## - USER-OPTION DATA (OCLC) | |
| User-option data | bpksh |
| 942 ## - ADDED ENTRY ELEMENTS (KOHA) | |
| Source of classification or shelving scheme | Dewey Decimal Classification |
| Koha item type | Krásna literatúra pre dospelých |
| Suppress in OPAC | No |
| 949 ## - LOCAL PROCESSING INFORMATION (OCLC) | |
| 6 | 17A1118959 |
| a | snkSC 161608 |
| b | snk2014/23955 |
| o | 2278/14 |
| s | 6100:20140925 |
| 949 ## - LOCAL PROCESSING INFORMATION (OCLC) | |
| 6 | 17A1118958 |
| a | snkSC 161608 D1 |
| b | snk2014/23957 |
| o | 2278/14 |
| 949 ## - LOCAL PROCESSING INFORMATION (OCLC) | |
| 6 | 270001000453541 |
| a | svkbbA 141556 |
| b | svkbbm 744725 |
| p | Obsahuje venovanie autora |
| 949 ## - LOCAL PROCESSING INFORMATION (OCLC) | |
| 6 | 3869A18283 |
| a | bpksh821.162.4-31 |
| b | bpksh68781 |
| Stav vyradenia | Strata | Poškodenie | Spôsob nadobudnutia | Domovská knižnica | Aktuálna knižnica | Dátum nadobudnutia | Total checkouts | Čiarový kód exemplára | Date last seen | Typ exemplára |
|---|---|---|---|---|---|---|---|---|---|---|
| Dar | Obecná knižnica Turčianska Štiavnička | Obecná knižnica Turčianska Štiavnička | 18.03.2026 | 4738000510 | 18.03.2026 | Krásna literatúra pre dospelých |
